| 000 | nam a22 a 4500 | ||
|---|---|---|---|
| 999 |
_c161252 _d161252 |
||
| 003 | BLK | ||
| 005 | 20201028095815.0 | ||
| 008 | 180410b bul|||||r ||||||| ||bul|| | ||
| 010 | _aKNG00168561000 | ||
| 040 | _aBLK | ||
| 041 |
_aFRE _cFRE |
||
| 072 | 7 |
_2bullib _aЦ _xРедки и ценни |
|
| 080 |
_aФренски език _b811.133.1 _x-5 _z811.133.1-5 |
||
| 100 | 1 |
_aNoel, Michel _eпърви автор _9301508 |
|
| 139 |
_aNoel, Michel _bN 73 |
||
| 245 | 1 | 0 |
_aNouvelle grammarie francaise, sur un plan tres-metodique, avec de nombreux exercices d`ortographe, de syntaxe et de ponctuation _bGrammaire _cMichel Noel; съавт. Madeleine Chapsal. |
| 250 | _a55. изд. | ||
| 257 | _aFRA | ||
| 260 |
_bMaire-Nyon _c1874 _aParis |
||
| 300 |
_a220 p. _c18 см |
||
| 380 | _a80 | ||
| 490 |
_9435080 _aКолекция Редки и ценни издания |
||
| 650 | 4 |
_aФренски език - граматика _9255761 |
|
| 653 | _aфренски език | ||
| 653 | _aграматика | ||
| 659 | _aЦ | ||
| 700 | 1 |
_aChapsal, Madeleine _eсъавт. _9381713 |
|
| 852 |
_aРф 874 _bРц |
||
| 856 | 4 | _qpdf | |
| 942 |
_cKNG _n0 _s1 |
||
| 944 |
_aCR _c10.12.2014 _kХристина_Везирева |
||
| 944 |
_aED _c2020-10-28 _kРенета Константинова |
||
| 999 | _d161252 | ||